000 00281nam a22001097a 4500
008 160423b xxu||||| |||| 00| 0 eng d
020 _a0805380892
041 _aeng
080 _a612.39
245 1 0 _aNutrition an applied approach:
_cJanice thompson; Melinda Manore;
942 _2udc
_cBK
999 _c1553
_d1553